=LDR 00000nam 2200000 4500 =001 INLIS000000000020657 =005 20130612115609 =008 ***********************************Ind** =035 ##$$0010-061300000020657 =041 ##$$a Ind =082 ##$$a 372.6 =090 ##$$a 372.6, Wid p =100 ##$$a Widyawati B =245 ##$$a Pandai menulis huruf a samapi l, B. Widyawati =260 ##$$a [s.a] $b Surabaya =300 ##$$a ...jil, ilus, 21 cm =650 ##$$a Menulis pendidikan dasar =850 ##$$a NBPNMAT